000 01220aam a2200337 i 4500
001 768714001
003 CO-MdFUSB
005 20240618062711.0
007 ta
008 220817t1994 ck |||| |||| 00| 0 spa d
020 _a958-9149-48-0
040 _bspa.
_aCO-MdFUSB
_cCO-MdFUSB
_dCO-MdFUSBC
_erda
041 _aspa
082 0 4 _223
_a266
_bM9961m
100 1 _aMyers, Glenn
_eautor
240 _aThe world christian starter kit
245 1 0 _aMisiones... El plan de Dios
_c/ Glenn Myers ; traducido por Sonia Montero de Ashe
264 1 _aBogotá, Colombia :
_bCentros de Literatura Cristiana,
_c[1994]
264 4 _c© 1994
300 _a157 páginas
_c; 18 cm
336 _atexto
_btxt
_2rdacontent
337 _2rdamedia
_asin mediación
_bn
338 _2rdacarrier
_avolumen
_bnc
500 _aTítulo original : The world christian starter kit
505 _a¿Qué está haciendo Dios? -- ¿Qué ha hecho hasta el momento? -- ¿Qué falta por hacer? --¿Dónde se hará? -- ¿Se puede hacer? -- ¿Qué puedo hacer yo? -- Pueblos sin alcanzar.
563 _aRústico
650 0 _aMisiones
_9154
700 _97479
_aMontero de Ashe, Sonia,
_etraductor
942 _cBK
945 _aJTF-925
999 _c37496
_d37496